000 00337nam a2200133Ia 4500
008 240624s9999 xx 000 0 und d
041 _aeng
082 _a658 RAO
100 _aRAO A V L N
245 _aMANAGEMENT SCIENCE
260 _c2002
_aChennai
_bSCITECH Publications (India) Pvt.Ltd.
300 _a302 : p. : cm. ; 25
365 _cRS
999 _c2706
_d2706